000 00501 a2200181 4500
003 OSt
005 20231212110339.0
008 231211b |||||||| |||| 00| 0 eng d
020 _a9788184233933
040 _coclc
082 _a494.8123
_bSUM/P
100 _aSumangala
_910107
245 _aPachamalayalam Nighandu /
_cSumangala
250 _a1st ed.
260 _aThrissur:
_bGreen Books,
_c2016.
300 _a1202p.
942 _2ddc
_cBK
_h494.8123
_k494.8123
_iSUM/P
_mSUM/P
999 _c44070
_d44070